Pichai : The Future Of Google (Record no. 342260)

MARC details
000 -LEADER
fixed length control field 00452nam a2200169Ia 4500
008 - FIXED-LENGTH DATA ELEMENTS--GENERAL INFORMATION
fixed length control field 230718s9999 xx 000 0 und d
020 ## - INTERNATIONAL STANDARD BOOK NUMBER
International Standard Book Number 9789351950615
041 ## - LANGUAGE CODE
Language code of text/sound track or separate title eng
082 ## - DEWEY DECIMAL CLASSIFICATION NUMBER
Classification number 823.4
Item number BHA
100 ## - MAIN ENTRY--PERSONAL NAME
Personal name Bhanver J.S.
9 (RLIN) 199101
245 ## - TITLE STATEMENT
Title Pichai : The Future Of Google
260 ## - PUBLICATION, DISTRIBUTION, ETC. (IMPRINT)
Date of publication, distribution, etc. 2016
Name of publisher, distributor, etc. Hachette
300 ## - PHYSICAL DESCRIPTION
Extent 164
365 ## - TRADE PRICE
Currency code Rs.
Price amount 199.00
700 ## - ADDED ENTRY--PERSONAL NAME
Personal name Bhanver J.S.
9 (RLIN) 199101
906 ## - LOCAL DATA ELEMENT F, LDF (RLIN)
d O:0515627-Jun-2016B:174421-Jun-2016
c GENRL
b 43.78
Holdings
Withdrawn status Lost status Source of classification or shelving scheme Damaged status Not for loan Home library Current library Date acquired Vendor Budget Code Cost, normal purchase price Bill number Total Checkouts Full call number Barcode Date last seen Date last checked out Discount Cost, replacement price Bill Date Koha item type Original Barcode
    Dewey Decimal Classification     Cummins College of Engineering for Women Pune Cummins College of Engineering for Women Pune 27/06/2016 Technical Book Services GENRL 155.22 1744 28 823.4 CCEP-BK-53467 03/04/2026 23/03/2026 43.78 199.00 21/06/2016 Books 053467